Nathaniel Hawthorne Novels Quiz Stats

 Plays Quiz Updated Apr 3, 2020

Support Sporcle.
Go Orange.
Score 0/5 Timer 05:00
0 Plays Today
Year Novel % Correct
1850The Scarlet Letter
97.1%
1851The House of the Seven Gables
63.1%
1860The Marble Faun: Or, The Romance of Monte Beni
24.7%
1852The Blithedale Romance
21.3%
1828Fanshawe
14.9%

You're not logged in!

Compare scores with friends on all Sporcle quizzes.
OR
Log In

From the Vault

North Carolina Cities

by Booger

Today, we at Sporcle pay tribute to North Carolina, the home of great basketball, fine tobacco and Soupy Sales.
Remove Ads.
Support Sporcle.
Get the best of Sporcle when you Go Orange. This ad-free experience offers more features, more stats, and more fun while also helping to support Sporcle. Thank you for becoming a member.

Show Comments

Extras

Top Quizzes Today


Score Distribution

Your Account Isn't Verified!

In order to create a playlist on Sporcle, you need to verify the email address you used during registration. Go to your Sporcle Settings to finish the process.

Report this User

Report this user for behavior that violates our Community Guidelines.

Details: